Statistics for Countries, US States, Capitals, Elements, 100 Most Common Words: A ≈ B + C #11

Click here to take the quiz!

General Stats

  • This quiz has been taken 33 times
  • The average score is 53 of 76

Answer Stats

ANSWER% Correct
{gOo}d{}
96%
{nigeR}
96%
{nIger}
96%
{}g{iVe}
92%
{}l{aoS}
92%
{la}o{S}
92%
{Mali}
92%
{Ma}l{i}
92%
{T}h{an}
92%
{}{M}{o}{n}{g}{o}{l}{i}{a}
88%
Mongolia
88%
{aCcra}
84%
{alSo}
84%
{}{S}{l}{o}{v}{e}{n}{i}{a}
84%
Slovenia
84%
{lE}a{d}
84%
{moSt}
84%
{}m{Ost}
84%
{omAn}
84%
{o}v{Er}
84%
{tuNi}s{}
84%
{wheN}
84%
{}w{iLl}
84%
{}{A}{r}{g}{e}{n}{t}{i}{n}{a}
80%
Argentina
80%
{India}
80%
{iRan}
80%
{t}h{iS}
80%
{tiRana}
80%
{}w{orK}
80%
{Ba}k{u}
76%
Cameroon
76%
{}{C}{a}{m}{e}{r}{o}{o}{n}
76%
{Into}
76%
{In}t{o}
76%
{uTah}
76%
{weLl}
76%
{}b{erN}
72%
{}n{eOn}
72%
{}{N}{o}{r}{t}{h}{ }{K}{o}{r}{e}{a}
68%
North Korea
68%
Costa Rica
64%
{}{C}{o}{s}{t}{a}{ }{R}{i}{c}{a}
64%
{}{S}{i}{n}{g}{a}{p}{o}{r}{e}
64%
Singapore
64%
New Delhi
64%
{}{N}{e}{w}{ }{D}{e}{l}{h}{i}
64%
{Them}
64%
{Erbium}
60%
Baton Rouge
60%
{}{B}{a}{t}{o}{n}{ }{R}{o}{u}{g}{e}
60%
{}{L}{i}{l}{o}{n}{g}{w}{e}
60%
Lilongwe
60%
Seaborgium
60%
{}{S}{e}{a}{b}{o}{r}{g}{i}{u}{m}
60%
{n}a{uRu}
60%
{Oregon}
60%
{tehraN}
60%
Indonesia
56%
{}{I}{n}{d}{o}{n}{e}{s}{i}{a}
56%
{}{T}{h}{a}{l}{l}{i}{u}{m}
56%
Thallium
56%
{}{S}{t}{r}{o}{n}{t}{i}{u}{m}
52%
Strontium
52%
{}{M}{a}{u}{r}{i}{t}{a}{n}{i}{a}
44%
Mauritania
44%
{}{R}{u}{t}{h}{e}{n}{i}{u}{m}
44%
Ruthenium
44%
{}{S}{r}{i}{ }{L}{a}{n}{k}{a}
40%
Sri Lanka
40%
Pristina
36%
{}{P}{r}{i}{s}{t}{i}{n}{a}
36%
{}{N}{i}{t}{r}{o}{g}{e}{n}
32%
Nitrogen
32%

Score Distribution

Percentile by Number Answered

Percent of People with Each Score

Your Score History

You have not taken this quiz